| 000 | 00629nam a2200253 a 4500 | ||
|---|---|---|---|
| 001 | 0001-1168 | ||
| 003 | ELIB.Books | ||
| 008 | 150507 2010 eng | ||
| 020 | _a9607269179 | ||
| 035 | _a(ELIB.Books)0001-1323 | ||
| 092 |
_a226 _bMei |
||
| 100 | _aMeinardus, Otto F. A. | ||
| 245 | _aST. Paul in Greece | ||
| 250 | _aSeventh Edition | ||
| 260 |
_aAthens _bLycabettus Press _c2001 |
||
| 300 |
_a127 _c20.5 Cm |
||
| 500 | _aC/o Moe Lwei | ||
| 650 | _aNew Testament | ||
| 856 |
_nKBTS: Library _uKBTS: Elib |
||
| 942 |
_2ddc _cBK |
||
| 990 | _a1 | ||
| 998 |
_cbat _e2015-05-07 |
||
| 999 |
_c11168 _d11168 |
||